| 000 | 01165nam a22003377a 4500 | ||
|---|---|---|---|
| 003 | CHAP | ||
| 005 | 20220329135343.0 | ||
| 008 | 971013s r 00010 d | ||
| 010 | _a34926 | ||
| 011 | _a35898 | ||
| 035 | _a40015 | ||
| 040 | _cCHAP | ||
| 090 | _aFolleto 2568y | ||
| 100 | 0 | 0 |
_aOlson, Edward O. _983203 |
| 245 | 1 | _aDecaimineto de las tangerinas en el estado de Nuevo León, México | |
| 260 |
_a(s.l.) : _bPatronato para la Investigación, Fomento y Defensa Agrícola de Nuevo León, _c(s.a.) |
||
| 300 | _a16 p. | ||
| 590 |
_aBATCH-UPD _b10 _c20130110 _lUCH01 _h0132 |
||
| 590 |
_aBATCH-UPD _b10 _c20130110 _lUCH01 _h2153 |
||
| 590 |
_aBATCH-UPD _b10 _c20130409 _lUCH01 _h2129 |
||
| 590 |
_aBATCH-UPD _b10 _c20130914 _lUCH01 _h1742 |
||
| 590 |
_aCONVERSION _b10 _c20130109 _lUCH01 _h1320 |
||
| 650 | 1 | 4 |
_aMandarina _xEnfermedades. _970331 |
| 700 | 0 |
_aCohen, Mortimer. _924375 |
|
| 700 | 0 |
_aRodríguez, Teodoro. _999016 |
|
| 901 | _aBK | ||
| 942 | _cFOLL | ||
| 949 |
_aFolleto 2568y _bBC _cFOLL _d-91392 _eTS1 _i40015 _si |
||
| 949 |
_aFolleto 2568y _bBC _cFOLL _d-91393 _eTS2 _fc.2 _i40015 _si |
||
| 949 |
_aFolleto 2568y _bBC _cFOLL _d-91394 _eTS2 _fc.3 _i40015 _si |
||
| 999 |
_c34926 _d34926 |
||